ბათუმის შოთა რუსთაველის სახელმწიფო უნივერსიტეტის ბიბლიოთეკა

ვანი : არქეოლოგიური გათხრები : (ბიბ.ჩანაწერი № 60170)

000 -ლიდერი
ფიქსირებული სიგრძის საკონტროლო ველი 01463nam a22002057a 4500
003 - საკონტროლო ნომრის იდენტიფიკატორი
საკონტროლო ველი Ge_BSU
005 - ბოლო ოპერაციის თარიღი და დრო
საკონტროლო ველი 20230614170224.0
008 - ფიქსირებული სიგრძის მონაცემთა ელემენტები - ზოგადი ინფორმაცია
ფიქსირებული სიგრძის საკონტროლო ველი 230614s1981 ge ||||| |||| 00| 0 geo d
041 ## - ენის კოდი
Language code of text/sound track or separate title geo
080 ## - უნივერსალური ათობითი კლასიფიკაციის ინდექსი
Universal Decimal Classification number 902.2(479.222.11) ვ-18
245 ## - ცნობა სათაურის შესახებ
Title ვანი : არქეოლოგიური გათხრები :
Remainder of title [სტატიების კრებული]. [ტ.] 5 /
Statement of responsibility, etc რედ. ოთ. ლორთქიფანიძე ; საქ. სსრ მეცნ. აკად., ივ. ჯავახიშვილის სახ. ისტორიის, არქეოლოგიისა და ეთნოგრაფიის ინ-ტი.
264 ## - წარმოების, გამოცემის, დისტრიბუციის და სხვა ცნობები
გამოცემის, წარმოების, დისტრიბუციის... ადგილი თბილისი :
გამოცემის, წარმოების, დისტრიბუციის... სახელწოდება მეცნიერება,
გამოცემის, წარმოების, დისტრიბუციის... თარიღი 1981.
300 ## - ფიზიკური აღწერა
Extent 111 გვ. :
Other physical details ილ. 41 ფ. ილ.
Dimensions 30 სმ.
500 ## - ზოგადი შენიშვნა
General note პარალ. ტექსტი რუს.
520 ## - SUMMARY, ETC.
Summary, etc რეზ. ფრ. ენაზე
653 ## - INDEX TERM--UNCONTROLLED
Uncontrolled term ვანის არქეოლოგიური გათხრები
700 ## - ADDED ENTRY--PERSONAL NAME
Personal name ლორთქიფანიძე, ოთ.
Relator term რედაქტორი.
9 (RLIN) 18351
710 ## - ADDED ENTRY--CORPORATE NAME
Corporate name or jurisdiction name as entry element საქართველოს სსრ მეცნიერებათა აკადემია.
Subordinate unit ივ. ჯავახიშვილის სახ. ისტორიის, არქეოლოგიისა და ეთნოგრაფიის ინსტიტუტი.
9 (RLIN) 18718
942 ## - ADDED ENTRY ELEMENTS (KOHA)
Source of classification or shelving scheme
Koha item type წიგნი
ეგზემპლარები
ჩამოწერის სტატუსი დაკარგული ეგზემპლარის სტატუსი კლასიფიკაციის წყარო ან თაროზე გაწყობის სქემა დაზიანების სტატუსი არ გაიცემა მუდმივი მდებარეობა (დაცვის ადგილი) ამჟამინდელი ადგილსამყოფელი თაროზე განთავსების ადგილი შეძენის თარიღი ღირებულება, შესყიდვის ნორმალური ფასი სრული შენახვის შიფრი შტრიხკოდი ბოლო ოპერაციის თარიღი ეგზემპლარის მიმდევრობითი ნომერი (კეტერი?) Uniform Resource Identifier ფასის ძალაში შესვლის თარიღი ეგზემპლარის სახეობა საჯარო შენიშვნა
          ბათუმის შოთა რუსთაველის სახელმწიფო უნივერსიტეტის მთავარი ბიბლიოთეკა ბათუმის შოთა რუსთაველის სახელმწიფო უნივერსიტეტის მთავარი ბიბლიოთეკა წიგნსაცავი 2023-06-14 7.00 902.2(479.222.11) ვ-18 64666 2023-06-14 64666 ბსუ-ს საპატიო დოქტორის გურამ ლორთქიფანიძის საჩუქარი 2023-06-14 წიგნი 7 ლ.